000 00533nam a2200193 4500
003 OSt
005 20240719021917.0
006 a
008 240719b |||||||| |||| 00| 0 eng d
020 _a1855033852
040 _aDWCL-Main lib.
_cOC
082 _aCirc. 371.14124 B619h 2004
100 _aBirkett, Veronica
245 _aHow to support and manage teaching assistants /
260 _aUK :
_bLDA,
_cc2004.
300 _b64 p. ;
_c30 cm.
504 _aIncludes bibliographical references.
942 _2ddc
_n0
_cBK-CIRC
_kCirc.
999 _c2409
_d2409